Export Marketing (Record no. 10782)

MARC details
000 -LEADER
fixed length control field 00367nam a2200157Ia 4500
008 - FIXED-LENGTH DATA ELEMENTS--GENERAL INFORMATION
fixed length control field 191201s2011 xx 000 0 und d
082 ## - DEWEY DECIMAL CLASSIFICATION NUMBER
Classification number 382.6
Item number RAE
100 ## - MAIN ENTRY--PERSONAL NAME
Personal name RATHOR, B.S.
245 #0 - TITLE STATEMENT
Title Export Marketing
250 ## - EDITION STATEMENT
Edition statement 3rd Rep.
260 ## - PUBLICATION, DISTRIBUTION, ETC. (IMPRINT)
Place of publication, distribution, etc New Delhi
Name of publisher, distributor, etc Himalaya Pub.
Date of publication, distribution, etc 2019
300 ## - PHYSICAL DESCRIPTION
Extent 754
650 ## - SUBJECT ADDED ENTRY--TOPICAL TERM
Topical term or geographic name as entry element B Com
700 ## - ADDED ENTRY--PERSONAL NAME
Personal name RATHOR, J.S.
942 ## - ADDED ENTRY ELEMENTS (KOHA)
Source of classification or shelving scheme Dewey Decimal Classification
Koha item type Text Books
942 ## - ADDED ENTRY ELEMENTS (KOHA)
-- 1
Holdings
Withdrawn status Lost status Source of classification or shelving scheme Damaged status Not for loan Collection code Home library Current library Date acquired Source of acquisition Currency Cost, normal purchase price Bill Number Total Checkouts Full call number Acc. no. / Barcode Date last seen Actual Cost, discounted price Bill Date Koha item type Date last borrowed
    Dewey Decimal Classification     B.Com PIET NCR College Library PIET NCR College Library 15/07/2021 Kirti Prakashan IN Rupees 798.00 IN2261   382.6 RAE N1363 04/08/2021 598.50 15/07/2021 Reference Books  
    Dewey Decimal Classification     B.Com PIET NCR College Library PIET NCR College Library 15/07/2021 Kirti Prakashan IN Rupees 798.00 IN2261   382.6 RAE N1364 04/08/2021 598.50 15/07/2021 Text Books  
    Dewey Decimal Classification     B.Com PIET NCR College Library PIET NCR College Library 15/07/2021 Kirti Prakashan IN Rupees 798.00 IN2261   382.6 RAE N1365 04/08/2021 598.50 15/07/2021 Text Books  
    Dewey Decimal Classification     B.Com PIET NCR College Library PIET NCR College Library 15/07/2021 Kirti Prakashan IN Rupees 798.00 IN2261 1 382.6 RAE N1366 23/10/2021 598.50 15/07/2021 Text Books 19/08/2021
    Dewey Decimal Classification     B.Com PIET NCR College Library PIET NCR College Library 15/07/2021 Kirti Prakashan IN Rupees 798.00 IN2261   382.6 RAE N1367 04/08/2021 598.50 15/07/2021 Text Books  

Design & Developed by: PIET Central Library
R70 Miles Stone Pattikalyana Samalkha Panipat 132102
mail ID :- [email protected], Phone No:- 0180-2569700 Ex.216